Une lettre suffit pour répondre juste #18 (attention 10 lettres tuent) - Statistiques

Statistiques générales
  • Ce quiz a été pris 73 fois
  • Le résultat moyen est 4 sur 6
Statistiques - réponses
Hint Réponse % Correct
Donne une des 5 lettres qui désigne à la fois un ascète soufi (mouvement de spiritualité de l'islam) dans le sous-continent indien et une personne qui donne un spectacle de numéros d'insensibilité à la douleur, d'hypnose. FAKIR
100%
Donne une des 4 lettres du vrai nom de famille de Johnny Hallyday
SMET
80%
Donne une des 3 lettres de "la banque d'un monde qui change" selon son slogan : ??? Paribas BNP
78%
Donne une des 2 lettres du sigle anglais qui désigne un disque optique utilisé pour stocker des données sous forme numérique CD
66%
Donne la lettre qui quand elle est minuscule est confondu avec un I majuscule ou un 1 L
65%
Donne la lettre qui complète la chanson de Michel Sardou de 1992 : le bac ? Vous aviez quoi 17 ans, 19 ans Vous me l'avez écrit mais je n'm'en souviens pas On hésite, on remet, on attend Et la lettre se perd, mais vous savez tout ça Vous passiez un bac ?, un bac à bon marché G
38%
Aucun quiz correspondant
Distribution des résultats
% des personnes avec chaque résultat
Percentile par nombre de réponses
Votre historique - résultats
Vous n’avez pas pris ce quiz